000 00270nam a22001217a 4500
008 181106b xxu||||| |||| 00| 0 eng d
041 _aeng
080 _212 TH
_a510
100 _a37
101 _aMAT
245 _aTitle Mathematical
_cNiller.CH.d
942 _2udc
_cBK
999 _c52001
_d52001